000 01082nam a2200217Ia 4500
001 15523
003 GE_BSU
008 181216s||||||||xx |||||||||||||| ||und||
040 _cGE_BSU
080 _a821.353.1-4+94(=353.1)(560)
100 _aჩხაიძე,ალექსანდრე
245 _aჩვენებურები:დოკუმენტური მოთხრობა თურქეთში მცხოვრებ თანამემამულეებზე და კიდევ სხვა ამბებზე
245 _cრედ.ზ.ფირცხალაიშვილი. მხატვ.ზ.ხაბაძე
260 _aბათუმი
260 _bაჭარა
260 _c1991
300 _a272გვ.20სმ.
653 _aდოკუმენტური მოთხრობა თურქეთში მცხოვრებ თანამემამულეებზე და კიდევ სხვა ამბებზე
653 _aჩვენებურები
942 _cBK
999 _c48623
_d48623